000 00784nam a2200205 a 4500
001 2018932
003 AM-YEHGA
005 20250708152152.0
008 250519s2024 ai a||||||||||00||0|arm|d
020 _a978-9939-890-83-8
040 _aAM-YEHGA
041 0 _aarm
100 1 _aՄկրտչյան, Ռուզաննա Անդրանիկի
245 1 0 _aՀերոսապատում :
_b[Բանաստեղծություններ] /
_cՌուզաննա Անդրանիկի Մկրտչյան (Մուշավան).
260 _aԵրևան :
_bՆուռ,
_c2024.
300 _a140 էջ + [8 էջ] :
_bգունավ. լուսանկ.
650 1 4 _aԱրցախյան ազատագրական պայքար
_xԱնմահ հերոսներ
650 1 4 _aՀայ գրականություն
_91021
942 _2udc
_cBK
999 _c534877
_d534877